Generalized Poisson distributions : properties and applications

Αποθηκεύτηκε σε:
Λεπτομέρειες βιβλιογραφικής εγγραφής
Κύριος συγγραφέας: Consul, P. C. 1923-
Μορφή: Βιβλίο
Γλώσσα:English
Δημοσίευση: New York : M. Dekker, c1989
Σειρά:Statistics, textbooks and monographs ; ; 99
Θέματα:
Ετικέτες: Προσθήκη ετικέτας
Δεν υπάρχουν, Καταχωρήστε ετικέτα πρώτοι!

MARC

LEADER 00000cam a2200000 i 4500
001 1/52834
008 941103s1989 eng d
020 |a 0824778634 
035 |l 10044534 
035 |a 1993  |c ΤΡΥΨΙΑΝΝΗΣ 
040 |a GR-MY-UA  |b gre  |e aacr 
041 0 |a eng 
082 0 |a 519.2  |2 (19) 
100 1 |a Consul, P. C.  |d 1923- 
245 1 0 |a Generalized Poisson distributions :  |b properties and applications /  |c P.C. Consul 
260 |a New York :   |b M. Dekker,   |c c1989 
300 |a x, 302 p.;  |b ill.;  |c 24 cm 
490 1 |a Statistics, textbooks and monographs  |v ; 99 
504 |a Includes bibliographies and index 
650 0 0 |a Poisson distribution. 
830 0 |a Statistics, textbooks and monographs ;  |v ; 99 
852 |a INST  |b SAMOS  |e 19941103  |h 519.2 CON  |p 005300003112  |q 005300003112  |t BK  |y 0 
909 |a Σ  |b 026643